Physical signs of child abuse : (Record no. 112562)

MARC details
000 -LEADER
fixed length control field 00813nam a2200253 a 4500
008 - FIXED-LENGTH DATA ELEMENTS--GENERAL INFORMATION
fixed length control field
020 ## - INTERNATIONAL STANDARD BOOK NUMBER
International Standard Book Number 0702017787 (hbk.)
049 ## - LOCAL HOLDINGS (OCLC)
Holding library MAIN
090 ## - LOCALLY ASSIGNED LC-TYPE CALL NUMBER (OCLC); LOCAL CALL NUMBER (RLIN)
Classification number (OCLC) (R) ; Classification number, CALL (RLIN) (NR) RJ375
Local cutter number (OCLC) ; Book number/undivided call number, CALL (RLIN) HOB
003 - CONTROL NUMBER IDENTIFIER
control field
005 - DATE AND TIME OF LATEST TRANSACTION
control field 20230120203840.0
040 ## - CATALOGING SOURCE
Transcribing agency NUST
100 1# - MAIN ENTRY--PERSONAL NAME
Personal name Hobbs, Christopher J.
245 10 - TITLE STATEMENT
Title Physical signs of child abuse :
Remainder of title a colour atlas /
Statement of responsibility, etc. Christopher J. Hobbs and Jane M. Wynne.
260 ## - PUBLICATION, DISTRIBUTION, ETC.
Place of publication, distribution, etc. London :
Name of publisher, distributor, etc. Saunders,
Date of publication, distribution, etc. c1996.
300 ## - PHYSICAL DESCRIPTION
Extent 245 p. :
Other physical details col. ill. ;
Dimensions 31 cm.
504 ## - BIBLIOGRAPHY, ETC. NOTE
Bibliography, etc. note Includes bibliographical references.
650 #0 - SUBJECT ADDED ENTRY--TOPICAL TERM
Topical term or geographic name entry element Child abuse
General subdivision Diagnosis
-- Atlases.
650 12 - SUBJECT ADDED ENTRY--TOPICAL TERM
Topical term or geographic name entry element Child Abuse
General subdivision diagnosis
-- atlases.
650 22 - SUBJECT ADDED ENTRY--TOPICAL TERM
Topical term or geographic name entry element Child Abuse, Sexual
General subdivision diagnosis
-- atlases.
700 1# - ADDED ENTRY--PERSONAL NAME
Personal name Wynne, Jane M.
907 ## - LOCAL DATA ELEMENT G, LDG (RLIN)
a .b10150808
b 16-07-12
c 07-02-05
942 ## - ADDED ENTRY ELEMENTS (KOHA)
Koha item type Ordinary Loan Books
Call number prefix RJ375
Call number suffix HOB
Holdings
Date last seen Total Checkouts Full call number Barcode Cost, replacement price Price effective from Koha item type Lost status Source of classification or shelving scheme Damaged status Not for loan Collection Withdrawn status Home library Current library Shelving location Date acquired Cost, normal purchase price
01/20/2023 3 RJ375 HOB 92003035493 80.00 01/20/2023 BOOKS   LCC     NFIC   Medical Medical GEN 01/20/2023 80.00